000 00592nam a2200133Ia 4500
008 220616s9999||||xx |||||||||||||| ||und||
100 _aFackelmann, Surya||De Concini, Alessandro
245 0 _aWhy are women entrepreneurs missing out on funding?
_bReflections and considerations - Executive summary
546 _aEnglish[eng]
650 _aBusiness & Economics||Finance
700 _aEuropean Investment Bank
856 _uhttps://library.oapen.org/bitstream/20.500.12657/47419/1/QH0220186ENN.en.pdf||https://library.oapen.org/bitstream/20.500.12657/47419/1/QH0220186ENN.en.pdf
942 _cEB
999 _c20073
_d20073